Statistics for Better Call Saul Characters

Click here to take the quiz!

General Stats

  • This quiz has been taken 1,454 times
    (1,150 since last reset)
  • The average score is 14 of 42

Answer Stats

No. of EpisodesCharacter% Correct
55Jimmy McGill
100%
53Mike Ermantraut
95%
31Gustavo Fring
92%
54Kim Wexler
92%
27Chuck McGill
89%
40Howard Hamlin
89%
33Nacho Varga
87%
13Lalo Salamanca
82%
17Hector Salamanca
80%
3Tuco Salamanca
77%
5Huell Babineaux
40%
2Hank Schrader
39%
14Victor
37%
11Tyrus Kitt
34%
6Marco Salamanca
31%
7Juan Bolsa
26%
6Leonel Salamanca
25%
9Francesca Liddy
23%
2Steve Gomez
23%
7Krazy-8
22%
11Ernesto
21%
6Werner Ziegler
21%
7Clifford Maine
19%
9Bill Oakley
15%
12Kevin Wachtell
15%
4Lydia Rodarte-Quayle
14%
16Paige Novick
14%
17Stacey Ermantaut
13%
13Richard Schweikart
12%
4Betsy Kettleman
11%
5Kai
11%
2Gale Boetticher
10%
4Craig Kettleman
9%
7Erin Brill
7%
9Manuel Varga
6%
11Arturo Colon
4%
9Mrs Nguyen
3%
7Omar
3%
6Caldera
2%
5Casper
2%
8Drama Girl
1%
12Joey Dixon
0%

Score Distribution

Percentile by Number Answered

Percent of People with Each Score

Your Score History

You have not taken this quiz since the last reset